La Mujer en el sistema de justicia penal /

Na minha lista:
Detalhes bibliográficos
Autor principal: Rojas, Cristina
Formato: Texto
Assuntos:
Tags: Adicionar Tag
Sem tags, seja o primeiro a adicionar uma tag!

MARC

LEADER 00000 a a2200000 04500
001 17134
003
040
100 |a Rojas, Cristina  
245 |a La Mujer en el sistema de justicia penal /  |c Cristina Rojas 
650 |a MUJERES  
650 |a JUSTICIA SOCIAL  
650 |a ADMINISTRACION DE JUSTICIA  
650 |a DERECHOS HUMANOS  
650 |a VIOLENCIA  
773 |g volumen 7, número 1; páginas 215-242  
999 |c 31431  |d 31431